seven - taylor swift lyrics - Statistics

General Stats
  • This quiz has been taken 99 times
  • The average score is 22 of 35
Answer Stats
Answer Answer Answer Answer Answer Answer Answer % Correct
I beautiful the must love other
86%
I other so we learned you
86%
I I you to time move
86%
I still I cry I tp
86%
please pennsylvania like dad just cross songs
81%
me me pattern always a heart love
77%
seven the passed think please recall
76%
picture under a is like my our
74%
the there you and song tell so
72%
the your folk come in I
72%
the tell love me before love
72%
the you is the in down
72%
in are love mad folk won't lasts
69%
in cross like should me face
69%
in your to won't ferociously sweater
69%
in for house in tea passed
69%
at in saturn I on can't
65%
my sweet and why be though
65%
peak tea to and passed I
65%
trees still to that our no long
65%
hit things moon be will and
64%
feet summer down you picture your
60%
to can't been the to and
57%
scared I i've pirates used dolls
52%
was and long could civility pack
51%
was got think or wanted india
51%
jump recall meaning you scream a
50%
sky your haunted closet the like
50%
with braids your and summer folk
49%
high love your hide sweet forever
48%
over won't the with weeds got
48%
swing heart songs live the still
48%
too though and be I your
47%
creek no lasts and I for
42%
but face tell have any we'll
36%
No matching quizzes found
Score Distribution
Percent of People with Each Score
Percentile by Number Answered
Your Score History
You have not taken this quiz